000 00607nam a22001817a 4500
999 _c165238
_d165238
005 20190612125801.0
010 _aENG-125536
020 _c300.00
035 _aEN-109068
037 _bDBAD/PUB
082 _a615.538
100 _akulkarni, P.H
245 _aPrasuti tantra:
_cby P.H. kulkarni
_bthe obstetrics in ayurveda /
260 _apune
_bDeerghayu International
270 _a36, Kothrud Gaothan, Nera Mhatoba Mandir, Bodhi Vruksha, Navgraha Hanuman Mandir,
_bPune,
_e 411038
_mdeerghayuinternational@gmail.com
300 _a172p.
_c21cm(pbk)
942 _2ddc
_cEN
_h615.538
_mKUL